000 00597nam a2200181Ia 4500
008 090201s9999 xx 000 0 und d
010 _aKPL-68108
040 _bमराठी
041 _aमराठी
082 _a46601
_b68108
100 _aवसंत हरी कटककर
245 _aमन्दज्योति व फवारे
_cवसंत हरी कटककर
250 _a2
260 _c2005
_bउत्कर्ष प्रकाशन
300 _a195
_bमोठा
600 _aमन्दज्योति व फवारे
942 _cBOOK
999 _c243420
_d243420